Asian absences : (Record no. 100146)

MARC details
000 -LEADER
fixed length control field 00598nam a22001937a 4500
005 - DATE AND TIME OF LATEST TRANSACTION
control field 20160622115616.0
010 ## - LCCN (DPL NO)
LC control number ENG-115179
020 ## - INTERNATIONAL STANDARD BOOK NUMBER
International Standard Book Number 9789385288821
Terms of availability 350.00
035 ## - SYSTEM CONTROL NUMBER
System control number EN-98711
037 ## - SOURCE OF ACQUISITION
Source of stock number/acquisition DBAD/PUB
082 ## - DEWEY DECIMAL CLASSIFICATION NUMBER
Classification number 915
100 ## - MAIN ENTRY--PERSONAL NAME
Personal name Buscher, Wolfgang
245 ## - TITLE STATEMENT
Title Asian absences :
Statement of responsibility, etc by Wolfgang Buscher ; translated by Simon Pare
Remainder of title searching for Shangri-La /
260 ## - PUBLICATION, DISTRIBUTION, ETC. (IMPRINT)
Place of publication, distribution, etc New Delhi
Name of publisher, distributor, etc Speaking Tiger
Date of publication, distribution, etc 2016
270 ## - ADDRESS
Address 4381/4, Ansari Road, Daryaganj,
City New Delhi
Postal code 110002
300 ## - PHYSICAL DESCRIPTION
Extent 147p.
Dimensions 20cm(pbk)
700 ## - ADDED ENTRY--PERSONAL NAME
Personal name Pare, Simon
942 ## - ADDED ENTRY ELEMENTS (KOHA)
Source of classification or shelving scheme Dewey Decimal Classification
Item type English Books
Call number suffix BUS
Classification part 915
Holdings
Withdrawn status Lost status Not for loan Collection code Home library Current library Date acquired Source of acquisition Cost, normal purchase price Full call number Barcode Copy number Cost, replacement price Koha item type
    Not For Loan Non-fiction D.B.Act.Division Bawana 31/05/2016 DBAD/PUB 350.00 915 BUS EN-98711 1 350.00 English Books

© Delhi Public Library
Hit Counter
free hit counter